Statistiques concernant Noms des quizzers de Jetpunk

Cliquez ici pour prendre le quiz!

Statistiques générales

  • Ce quiz a été pris 3 fois
  • Le résultat moyen est 4 sur 25

Statistiques - réponses

auteur % Correct
Jerry{928}
67%
sku{kka}
67%
Wolf{Cam}
33%
Stew{art}
33%
Gassu{69}
33%
scambi{gol}
33%
kalbaha{mut}
33%
reless{ness}
33%
kiwi{rage}
33%
KoljiVri{Voda}
33%
Quiz{master}
33%
Matt{punk}
0%
Third{Party}
0%
Quizzer{6794}
0%
buck{1017}
0%
mark{johan}
0%
mac{212121}
0%
L{BA}
0%
CB{Temple}
0%
kat{sudk}
0%
Jiao{zira}
0%
Geo{guy}
0%
Gamer{1162}
0%
cosmo{kim}
0%
Kv{kq}
0%

Distribution des résultats

Percentile by Number Answered

% des personnes avec chaque résultat

Votre développement - résultats

Vous n’avez pas pris ce quiz